书目信息 |
| 题名: |
第三谎言
|
|
| 作者: | 雅歌塔.克里多夫 著 ;简伊玲 译 | |
| 分册: | ||
| 出版信息: | 广州 新世纪出版社 1998.11 |
|
| 页数: | 497页 | |
| 开本: | 32开 | |
| 丛书名: | ||
| 单 册: | ||
| 中图分类: | I515.45 | |
| 科图分类: | ||
| 主题词: | 文学 | |
| 电子资源: | ||
| ISBN: | 7-5405-1791-3 | |
| 000 | 00647nam0 2200205 45 | |
| 001 | 0012050927 | |
| 005 | 20031219104047.9 | |
| 010 | @a7-5405-1791-3@dCNY26.00 | |
| 100 | @a20001205d1998 km y0chiy0120 ea | |
| 101 | 0 | @achi |
| 105 | @a z 000yy | |
| 200 | 1 | @a第三谎言@ADi San Huang Yan@f(法)雅歌塔.克里多夫(Agota Kristof)著@F(Fa)Ya Ge Ta.Ke Li Duo Fu(Agota Kristof)Zhu@g简伊玲译 |
| 210 | @a广州@c新世纪出版社@d1998.11 | |
| 215 | @a497页@d32开 | |
| 606 | 0 | @a文学 |
| 690 | @aI515.45@v1 | |
| 701 | 0 | @a雅歌塔.克里多夫@bAgota Kristof@4著 |
| 702 | 0 | @a简伊玲@AJian Yi Ling@4译 |
| 801 | @aCN@bTSTC@c20001205 | |
| 905 | @b293686-690@dI515.45@e19@f5 | |
| 第三谎言/(法)雅歌塔.克里多夫(Agota Kristof)著/简伊玲译.-广州:新世纪出版社,1998.11 |
| 497页;32开 |
| ISBN 7-5405-1791-3:CNY26.00 |
| ● |
| 相关链接 |
|
|
|
|
正题名:第三谎言
索取号:I515.45/19
 
预约/预借
| 序号 | 登录号 | 条形码 | 馆藏地/架位号 | 状态 | 备注 |
| 1 | 0293686 | 002936862 | 第二借阅区/ [索取号:I515.45/19] | 在馆 | |
| 2 | 0293687 | 002936871 | 第二借阅区/ [索取号:I515.45/19] | 在馆 | |
| 3 | 0293688 | 002936880 | 第二借阅区/ [索取号:I515.45/19] | 在馆 | |
| 4 | 0293689 | 002936899 | 第二借阅区/ [索取号:I515.45/19] | 在馆 | |
| 5 | 0293690 | 002936906 | 第一样本阅览室/ [索取号:I515.45/19] | 在馆 |